| 000 | 01091nam a22002657a 4500 | ||
|---|---|---|---|
| 005 | 20110214110156.0 | ||
| 008 | 090211t xxu||||| |||| 00| 0 hin d | ||
| 010 | _aHIN-91863 | ||
| 020 |
_c200.00 _a9788190951883 |
||
| 035 | _aHN-64209 | ||
| 037 | _bDBAD / PUB | ||
| 040 |
_aDPL _bHN |
||
| 082 | _a821 | ||
| 100 |
_aखुशी कुमारी _925892 |
||
| 245 |
_aयही जीवन हैं / _cखुशी कुमारी |
||
| 246 |
_aYahi jeevan hai _bby Khushi Kumari |
||
| 260 |
_aपटना _bजागृति पब्लिकेशन _c2010 |
||
| 270 |
_aमैत्री शान्ति भवन, द्वितीय मंजिल, बी.एम.दास रोड _bपटना _e800004 |
||
| 300 |
_a112पृ. _c22सेमी. (सजिल्द) |
||
| 650 | _91169 | ||
| 650 | _925893 | ||
| 700 |
_a _925894 |
||
| 942 |
_2ddc _cHN _h821 _mखुशीकु |
||
| 999 |
_c50517 _d50517 |
||